[Event "AUTO-ADV-2909"]
[Site "http://www.queenalice.com/game.php?id=1200714"]
[Date "2013.7.18"]
[Round "1"]
[White "Barreto"]
[Black "marcomasao"]
[Result "0-1"]
[WhiteElo "1704"]
[BlackElo "1617"]

1. e4 e5 2. Bb5 Nc6 3. Nf3 Qf6 4. Nc3 a6 5. Bc4 Bc5 6. O-O d6 7. Nd5 Qd8 8. d3
Nf6 9. Bg5 h6 10. Qd2 hxg5 11. Nxg5 Be6 12. Qe2 Nxd5 13. exd5 Qxg5 14. dxc6 Qh6
15. h3 bxc6 16. Qe4 Bd7 17. c3 Qg5 18. d4 d5 19. Qxe5+ Qxe5 20. Rfe1 Qxe1+ 21.
Rxe1+ Be6 22. Bd3 Bd6 23. b3 Rh5 24. c4 Rg5 25. f3 Kd7 26. cxd5 cxd5 27. Re3
Bxh3 28. Bf1 Rh8 29. Kf2 Bxg2 30. Bxg2 Rh2 31. Ke2 Rgxg2+ 32. Kd3 Rd2+ 33. Kc3
Rc2+ 0-1

[Event "AUTO-ADV-2909"]
[Site "http://www.queenalice.com/game.php?id=1200715"]
[Date "2013.7.18"]
[Round "1"]
[White "marcomasao"]
[Black "Barreto"]
[Result "1/2-1/2"]
[WhiteElo "1634"]
[BlackElo "1682"]

1. e4 e5 2. Bc4 Nf6 3. Nc3 Bc5 4. Nf3 Nc6 5. d3 d6 6. a3 Be6 7. Bd2 Bxf2+ 8.
Kxf2 Nd4 9. Be3 Ng4+ 10. Ke1 Nxe3 11. Qd2 Ndxc2+ 12. Ke2 Nxa1 13. Kxe3 Bxc4 14.
dxc4 Nb3 15. Qd5 O-O 16. c5 Nxc5 17. h4 c6 18. Qd1 Qb6 19. b4 Ne6+ 20. Ke2 Nf4+
21. Kf1 Qe3 22. Qc2 Rfe8 23. h5 d5 24. Ng5 d4 25. Nd1 Qxa3 26. Qc4 Rf8 27. h6
Qd3+ 28. Qxd3 Nxd3 29. hxg7 Kxg7 30. Nf3 f6 31. Nh4 Kh8 32. Nf3 Nxb4 33. Nd2
Rad8 34. Nf3 d3 35. Nh4 Nc2 36. Ng6+ Kg7 37. Nxf8 Kxf8 38. Rxh7 Ke8 39. Rh8+ Kd7
40. Rh7+ Kc8 41. Rf7 Nd4 42. Rxf6 Re8 43. Kf2 Ne6 44. Ke3 Nf4 45. g3 Nh5 46. Rg6
Rd8 47. Kd2 b5 48. Rg5 Nf6 49. Rxe5 Rd4 50. Re6 Nxe4+ 51. Ke3 c5 52. Rxe4 Rxe4+
53. Kxe4 c4 54. Kd4 Kd7 55. Kc5 Ke6 56. Kxb5 Kf5 57. Nf2 Kg5 58. Kxc4 d2 59. Kb5
d1=Q 1/2-1/2

[Event "AUTO-ADV-2909"]
[Site "http://www.queenalice.com/game.php?id=1200716"]
[Date "2013.7.18"]
[Round "1"]
[White "Barreto"]
[Black "oevidalr"]
[Result "1-0"]
[WhiteElo "1702"]
[BlackElo "1645"]

1. e4 e5 2. Nf3 Nc6 3. Bb5 d6 4. d3 Bd7 5. Nc3 a6 6. Bc4 h6 7. Nd5 Nf6 8. Be3
Nxd5 9. exd5 Ne7 10. O-O b5 11. Bb3 c6 12. c4 c5 13. Qd2 Ng6 14. cxb5 Bxb5 15.
Bc2 Be7 16. b3 O-O 17. a4 Bd7 18. a5 Bg4 19. Bd1 Bf6 20. Ra4 Rb8 21. Rxg4 Qd7
22. Ne1 Qf5 23. b4 Rxb4 24. Rxb4 cxb4 25. Qxb4 Bg5 26. Qxd6 Rd8 27. Qxa6 Rxd5
28. Bf3 Rd8 29. Be4 Qf6 30. Qxf6 Bxf6 31. a6 Be7 32. a7 f5 33. Bxf5 Kf7 34. Be4
Nf8 35. Nf3 Ne6 36. Bb6 Rc8 37. Nxe5+ Kf6 38. Nd7+ Kf7 39. Nb8 1-0

[Event "AUTO-ADV-2909"]
[Site "http://www.queenalice.com/game.php?id=1200717"]
[Date "2013.7.18"]
[Round "1"]
[White "oevidalr"]
[Black "Barreto"]
[Result "0-1"]
[WhiteElo "1706"]
[BlackElo "1673"]

1. e4 e5 2. Nf3 Nc6 3. Nc3 Nf6 4. Bb5 a6 5. Bc4 Bc5 6. h3 d6 7. O-O O-O 8. a3
Be6 9. d3 Nd4 10. Bxe6 fxe6 11. Be3 d5 12. exd5 Qd6 13. Bxd4 exd4 14. Ne2 Qxd5
15. c4 Qf5 16. Nh4 Qg5 17. Ng3 Bd6 18. Nf3 Qg6 19. Qd2 b5 20. Nxd4 Nh5 21. Nxh5
Qxh5 22. Nxe6 Qe5 23. f4 Qxe6 24. Rae1 Qf5 25. Qe3 bxc4 26. dxc4 Bc5 27. Qxc5
Qxc5+ 28. Kh2 Qxc4 29. Rc1 Qd4 30. Rcd1 Qxb2 31. Rb1 Qxa3 32. Ra1 Qd3 33. Rad1
Qg6 34. Rd3 Qxd3 0-1

[Event "AUTO-ADV-2909"]
[Site "http://www.queenalice.com/game.php?id=1200718"]
[Date "2013.7.18"]
[Round "1"]
[White "Barreto"]
[Black "GrandpaRichard"]
[Result "0-1"]
[WhiteElo "1676"]
[BlackElo "1865"]

1. e4 e6 2. d4 d5 3. e5 c5 4. Nf3 Ne7 5. Bb5+ Bd7 6. Nc3 Ng6 7. Bg5 Be7 8. Qd2
cxd4 9. Qxd4 Bxb5 10. Nxb5 Qa5+ 11. Nc3 Nc6 12. Qa4 Bb4 13. Qxa5 Bxa5 14. O-O
Bxc3 15. bxc3 Ngxe5 16. Nxe5 Nxe5 17. Be3 O-O 18. Rab1 b6 19. a4 Nc4 20. Bc1 e5
21. Rb4 a6 22. Re1 Rfe8 23. g3 f5 24. f4 exf4 25. Rxe8+ Rxe8 26. Bxf4 Re2 27.
Bc7 Rxc2 28. Bxb6 Rxc3 29. Bf2 g5 30. Bd4 Rc2 31. Rb7 Nd6 32. Rg7+ Kf8 33. Rxg5
Rc4 34. Bg7+ Kf7 35. a5 Rc5 36. Be5 Ke6 37. Bxd6 Kxd6 38. Rxf5 Rxa5 39. Kg2 Rb5
40. Rf6+ Kc5 41. Rxa6 d4 42. Ra7 h6 43. Rh7 Rb6 44. Rc7+ Kd5 45. Rd7+ Ke4 46.
Rxd4+ Kxd4 47. Kh3 Rf6 48. Kh4 Ke4 49. h3 Kf3 50. g4 Kf4 51. Kh5 Kg3 52. h4 Re6
53. g5 hxg5 54. hxg5 Kf4 55. g6 Kf5 56. g7 Rg6 57. g8=N Rxg8 58. Kh6 Rg5 59. Kh7
Rg6 60. Kh8 Kf6 61. Kh7 Kf7 62. Kh8 Rh6# 0-1

[Event "AUTO-ADV-2909"]
[Site "http://www.queenalice.com/game.php?id=1200719"]
[Date "2013.7.18"]
[Round "1"]
[White "GrandpaRichard"]
[Black "Barreto"]
[Result "1-0"]
[WhiteElo "1854"]
[BlackElo "1685"]

1. e4 e6 2. d4 d5 3. Nd2 Bb4 4. c3 Bd6 5. Ngf3 Nc6 6. Bb5 Bd7 7. exd5 exd5 8.
Nb3 Nf6 9. Qe2+ Be7 10. Nc5 Bg4 11. Nxb7 Qb8 12. Bxc6+ Nd7 13. Bxd5 O-O 14. Qxe7
Qe8 15. Qxe8 Rfxe8+ 16. Be3 Nb6 17. Bc6 Re7 18. O-O Nc4 19. Nc5 Rb8 20. b3 Nxe3
21. fxe3 Rxe3 22. Nd7 Rd8 23. Nfe5 Be6 24. c4 f6 25. Nxf6+ gxf6 26. Rxf6 Rd6 27.
Kf2 Re4 28. Bxe4 Rxd4 29. Rxe6 Rxe4 30. Re1 Rf4+ 31. Kg3 Rf8 32. Re7 a6 33. Rxc7
a5 34. Re4 a4 35. Rg4+ 1-0

[Event "AUTO-OPEN-3036"]
[Site "http://www.queenalice.com/game.php?id=1200775"]
[Date "2013.7.18"]
[Round "1"]
[White "italomachado"]
[Black "Barreto"]
[Result "0-1"]
[WhiteElo "1529"]
[BlackElo "1731"]

1. e4 c5 2. Bc4 e6 3. f4 d5 4. exd5 exd5 5. Bb5+ Bd7 6. Qe2+ Be7 7. Bd3 Nf6 8.
Qe5 c4 9. Be2 O-O 10. Nc3 Nc6 11. Qe3 d4 12. Qg3 dxc3 13. bxc3 Ne4 14. Qf3 Bf5
15. g4 Bh4+ 16. Kf1 Qd5 17. gxf5 Ne7 18. f6 Nf5 19. fxg7 Nxg7 20. Qg4 Nf2 21.
Bf3 Qf5 22. Qg2 Rae8 23. Ba3 Nxh1 24. Qxh1 Qxc2 25. Bd1 Qxd2 26. Qg2 Qe1# 0-1

[Event "AUTO-OPEN-3036"]
[Site "http://www.queenalice.com/game.php?id=1200776"]
[Date "2013.7.18"]
[Round "1"]
[White "Barreto"]
[Black "italomachado"]
[Result "1-0"]
[WhiteElo "1739"]
[BlackElo "1521"]

1. e4 e5 2. Nf3 Qf6 3. Nc3 Bc5 4. Nd5 Qd6 5. Bc4 c6 6. d4 exd4 7. Nxd4 cxd5 8.
Nb5 Qb6 9. exd5 d6 10. c3 Bxf2+ 11. Kf1 h5 12. Bf4 Kd8 13. Nxd6 Bg4 14. Qd3 Nf6
15. Nxf7+ Kc8 16. Nxh8 Qxb2 17. Rb1 Qa3 18. Kxf2 Qc5+ 19. Qd4 Ne4+ 20. Ke3 Qe7
21. Qe5 Qc5+ 22. Kxe4 Qxc4+ 23. Qd4 Qe2+ 24. Qe3 Qxg2+ 25. Ke5 Nd7+ 26. Kd6 Nf6
27. Qc5+ Kd8 28. Qc7+ Ke8 29. Qe7# 1-0

[Event "AUTO-OPEN-3036"]
[Site "http://www.queenalice.com/game.php?id=1200803"]
[Date "2013.7.18"]
[Round "1"]
[White "Barreto"]
[Black "andrelazcano"]
[Result "0-1"]
[WhiteElo "1746"]
[BlackElo "1620"]

1. e4 e5 2. Nf3 d6 3. Bb5+ c6 4. Ba4 Nf6 5. d3 Qa5+ 6. Nc3 d5 7. Bd2 d4 8. Nd5
Qxa4 9. Nc7+ Kd8 10. Nxa8 b5 11. O-O Bb7 12. b3 Qa3 13. Nxe5 Qe7 14. Ba5+ Kc8
15. Nc7 Qxe5 16. Qf3 b4 17. Qh3+ Nbd7 18. Rfe1 Qxa5 19. Qg3 Qxc7 20. Qxc7+ Kxc7
21. e5 Nd5 22. e6 fxe6 23. Rxe6 c5 24. Rae1 Nf4 25. R1e4 Bxe4 26. Rxe4 Nd5 27.
c4 Nc3 28. Re8 Nxa2 29. h4 Nc1 30. Kh2 Nxb3 31. g4 Bd6+ 0-1

[Event "AUTO-OPEN-3036"]
[Site "http://www.queenalice.com/game.php?id=1200804"]
[Date "2013.7.18"]
[Round "1"]
[White "andrelazcano"]
[Black "Barreto"]
[Result "1-0"]
[WhiteElo "1641"]
[BlackElo "1723"]

1. e4 c5 2. d4 e5 3. dxe5 Nc6 4. f4 d6 5. Bb5 dxe5 6. Bxc6+ bxc6 7. Qxd8+ Kxd8
8. fxe5 c4 9. Nf3 Be6 10. O-O Bc5+ 11. Kh1 Nh6 12. Bd2 Ng4 13. h3 Nf2+ 14. Kh2
Nxe4 15. Rd1 Kc8 16. Nc3 Rd8 17. Nxe4 Bd5 18. Nxc5 Rb8 19. b3 Rb5 20. Na4 cxb3
21. axb3 Be4 22. Nc3 Rb4 23. Nxe4 Rxe4 24. Rxa7 Kb8 25. Rxf7 Re2 26. Rxg7 Rf8
27. Re1 Rf2 28. e6 Re8 29. e7 Kc7 30. Rg8 Kd7 31. Rxe8 Kxe8 32. Bg5 Rxc2 33. Re6
Rc5 34. Rh6 Rc3 35. Rxh7 1-0

[Event "AUTO-OPEN-3036"]
[Site "http://www.queenalice.com/game.php?id=1200805"]
[Date "2013.7.18"]
[Round "1"]
[White "Barreto"]
[Black "Vermelho"]
[Result "0-1"]
[WhiteElo "1654"]
[BlackElo "2074"]

1. e4 e5 2. Nf3 Nc6 3. Bb5 Nf6 4. Nc3 a6 5. Bc4 Bb4 6. Ng5 d5 7. exd5 Nxd5 8.
Nxd5 O-O 9. O-O Qxg5 10. d3 Qg6 11. c3 Bh3 12. Qf3 Bg4 13. Qg3 Bd6 14. Ne3 Bh5
15. Qh3 Be2 16. Re1 Bxd3 17. Qg4 Bxc4 18. Qxg6 fxg6 19. Nxc4 b5 20. Nxd6 cxd6
21. b4 a5 22. a3 axb4 23. cxb4 Nxb4 24. axb4 Rxa1 25. Bd2 Rxe1+ 26. Bxe1 d5 27.
Kf1 Rd8 28. Bd2 d4 29. Ke1 e4 30. Kd1 d3 31. f3 exf3 32. gxf3 h5 33. h3 Ra8 34.
h4 Ra1+ 35. Bc1 Rb1 36. Kd2 g5 37. hxg5 h4 38. f4 h3 39. Kd1 h2 40. f5 h1=Q+ 41.
Kd2 Qxc1+ 42. Kxd3 Rxb4 43. Ke2 Qc3 0-1

[Event "AUTO-OPEN-3036"]
[Site "http://www.queenalice.com/game.php?id=1200806"]
[Date "2013.7.18"]
[Round "1"]
[White "Vermelho"]
[Black "Barreto"]
[Result "1-0"]
[WhiteElo "2062"]
[BlackElo "1631"]

1. e4 c5 2. Nc3 Nc6 3. Nf3 e5 4. Bb5 a6 5. Bxc6 dxc6 6. Nxe5 Be6 7. O-O Qd4 8.
Nf3 Qf6 9. Re1 Bg4 10. e5 Qf5 11. Na4 Nh6 12. Nxc5 Bxc5 13. d4 Bb6 14. c3 O-O
15. Qb3 Bxf3 16. gxf3 Qxf3 17. Bxh6 Bd8 18. Re3 Qg4+ 19. Rg3 Qh4 20. Bxg7 Bg5
21. Bxf8 Rxf8 22. Qxb7 Kh8 23. Qxc6 Bf4 24. Rg2 Rg8 25. Rxg8+ Kxg8 26. Qg2+ Kh8
27. Kh1 h6 28. Rg1 Qxh2+ 29. Qxh2 Bxh2 30. Kxh2 a5 31. d5 Kh7 32. d6 f6 33. d7
fxe5 34. d8=Q e4 35. Qg8# 1-0

[Event "AUTO-INT-2688"]
[Site "http://www.queenalice.com/game.php?id=1202570"]
[Date "2013.7.26"]
[Round "1"]
[White "teferi"]
[Black "Barreto"]
[Result "0-1"]
[WhiteElo "1530"]
[BlackElo "1642"]

1. d4 g6 2. e4 d6 3. Nc3 Nf6 4. e5 Bg4 5. f3 Bf5 6. exf6 exf6 7. d5 Qe7+ 8. Nge2
Na6 9. g4 Bd7 10. Bg2 Bg7 11. O-O O-O 12. Nd4 Qe5 0-1

[Event "AUTO-INT-2688"]
[Site "http://www.queenalice.com/game.php?id=1202571"]
[Date "2013.7.26"]
[Round "1"]
[White "Barreto"]
[Black "teferi"]
[Result "1-0"]
[WhiteElo "1629"]
[BlackElo "1543"]

1. e4 e6 2. d4 d5 3. e5 Nc6 4. Nf3 f6 5. Bb5 Bd7 6. Nc3 fxe5 7. dxe5 Bb4 8. Bg5
Nge7 9. O-O h6 10. Bh4 g5 11. Bg3 Nf5 12. Nxd5 exd5 13. Qxd5 1-0

[Event "AUTO-INT-2688"]
[Site "http://www.queenalice.com/game.php?id=1202584"]
[Date "2013.7.26"]
[Round "1"]
[White "CruzVictor"]
[Black "Barreto"]
[Result "1-0"]
[WhiteElo "1476"]
[BlackElo "1654"]

1. e4 c5 2. Nf3 Nc6 3. c3 e5 4. Bc4 Nf6 5. d3 d6 6. Nbd2 Bg4 7. O-O Be7 8. Bb3
O-O 9. Nc4 d5 10. Ne3 d4 11. Nxg4 Nxg4 12. h3 Nf6 13. Nh4 g6 14. Bh6 Re8 15. Bg5
Qb6 16. Qf3 Nd8 17. Qg3 Nh5 18. Qg4 Qd6 19. cxd4 cxd4 20. f4 Ne6 21. fxe5 Qxe5
22. Bxe7 Rxe7 23. Rf5 Qg3 24. Qxg3 Nxg3 25. Rf3 Nh5 26. Rc1 Nef4 27. Rc4 Rd8 28.
g3 Nxh3+ 29. Kg2 N5f4+ 30. gxf4 Nxf4+ 31. Rxf4 Rde8 32. Rxd4 Kh8 33. Bxf7 Rf8
34. Nxg6+ Kg7 35. Nxf8 Kxf8 36. Rd8+ 1-0

[Event "AUTO-INT-2688"]
[Site "http://www.queenalice.com/game.php?id=1202585"]
[Date "2013.7.26"]
[Round "1"]
[White "Barreto"]
[Black "CruzVictor"]
[Result "0-1"]
[WhiteElo "1680"]
[BlackElo "1434"]

1. e4 e5 2. Nf3 Nc6 3. Bb5 a6 4. Bc4 Nf6 5. d3 Bc5 6. Nc3 d6 7. O-O O-O 8. Bg5
Na5 9. Bd5 c6 10. Bc4 Nxc4 11. dxc4 b5 12. b3 bxc4 13. bxc4 Be6 14. Rb1 Bxc4 15.
Re1 a5 16. Nh4 h6 17. Be3 Bb4 18. Bd2 d5 19. exd5 Nxd5 20. Nxd5 cxd5 21. Bxb4
axb4 22. Rxb4 Qxh4 23. Rxe5 Rfe8 24. g3 Qf6 25. Rh5 Be2 26. Qxd5 Bxh5 27. Qxh5
Qc6 28. Rb1 Rxa2 29. Qh3 Rxc2 30. Rd1 Rc1 31. Rf1 Ree1 32. Qg2 Rxf1+ 33. Qxf1
Rxf1+ 34. Kxf1 Qh1+ 0-1

[Event "AUTO-INT-2688"]
[Site "http://www.queenalice.com/game.php?id=1202594"]
[Date "2013.7.26"]
[Round "1"]
[White "Barreto"]
[Black "MASTROIANNI"]
[Result "1-0"]
[WhiteElo "1716"]
[BlackElo "1544"]

1. e4 e5 2. Nf3 f6 3. Nc3 c5 4. Bb5 a6 5. Bc4 b5 6. Bd5 Ra7 7. b3 b4 8. Na4 d6
9. d3 Bd7 10. Be3 Bxa4 11. bxa4 Ne7 12. Bf7+ Kxf7 13. Nh4 g5 14. Nf5 Nxf5 15.
exf5 Bh6 16. Qh5+ Kg7 17. h4 Qe8 18. Qf3 Rd7 19. hxg5 Bxg5 20. Qg3 h6 21. Rf1
Kf7 22. Qf3 Bxe3 23. Qd5+ Kf8 24. fxe3 Qh5 25. Kd2 Rg8 26. Rf2 Rg3 27. Re1 Qg5
28. Qa8 Rd8 29. Qb7 d5 30. Qb6 Re8 31. Qxc5+ Re7 32. Qc8+ Re8 33. Qc5+ Re7 34.
Qxb4 Nc6 35. Qd6 Nd4 36. Qd8+ Re8 37. Qd6+ Re7 38. Qxd5 Nxf5 39. Qe4 Nd6 40.
Qa8+ Kf7 41. Qc6 Re6 42. Qd7+ Re7 43. Qxd6 Rg4 44. Ref1 Re6 45. Qd7+ Re7 46.
Rxf6+ Qxf6 47. Rxf6+ Kxf6 48. Qxg4 1-0

[Event "AUTO-INT-2688"]
[Site "http://www.queenalice.com/game.php?id=1202595"]
[Date "2013.7.26"]
[Round "1"]
[White "MASTROIANNI"]
[Black "Barreto"]
[Result "0-1"]
[WhiteElo "1583"]
[BlackElo "1690"]

1. d4 d5 2. f4 Nf6 3. e3 Bg4 4. Be2 Nc6 5. h3 Bf5 6. g4 Be4 7. Rh2 e6 8. g5 Nb4
9. Bd3 Bxd3 10. cxd3 Bd6 11. gxf6 Qxf6 12. a3 Qh4+ 13. Kd2 c5 14. axb4 O-O 15.
Nf3 Qg3 16. Qe2 c4 17. Ra4 Rac8 18. b5 a6 19. dxc4 dxc4 20. bxa6 Rc6 21. axb7
Qg6 22. Ra8 Qxb1 23. Ne5 Rb6 24. Rxf8+ Bxf8 25. Nd7 Rxb7 26. Nxf8 c3+ 27. Kd1
cxb2 28. Qc2 bxc1=Q+ 29. Qxc1 Qd3+ 30. Rd2 Qf1+ 31. Kc2 Rc7+ 0-1